[Event "Rated Blitz tournament yvvgmxcV"]
[Site "?"]
[Date "2021.03.24"]
[Round "?"]
[White "GASTONMOISSET"]
[Black "user_silva2002"]
[Result "1/2-1/2"]
[WhiteElo "2335"]
[BlackElo "2515"]
[PlyCount "88"]
[EventDate "2021.??.??"]
[EventType "blitz"]

1. e4 e5 2. Nf3 d5 3. exd5 e4 4. Ne5 Qxd5 5. d4 Bd6 6. Bc4 Qa5+ 7. Bd2 Qb6 8.
Bxf7+ Kf8 9. Bxg8 Rxg8 10. Nc4 Qxd4 11. Nxd6 cxd6 12. Nc3 Nc6 13. O-O Bf5 14.
Bf4 Qxd1 15. Raxd1 Rd8 16. Rxd6 Kf7 17. Rfd1 Rxd6 18. Rxd6 a6 19. a3 Rd8 20.
Rxd8 Nxd8 21. Be3 h6 22. Kf1 Ke6 23. Bd4 g5 24. Ke2 Nc6 25. Bg7 h5 26. Ke3 g4
27. Nxe4 Ne7 28. c4 Bg6 29. Bc3 Nf5+ 30. Kf4 Nh4 31. Ng5+ Kd7 32. g3 Nf3 33.
Nxf3 gxf3 34. Kxf3 Ke6 35. Kf4 Bd3 36. c5 Bc4 37. Bd4 Kd5 38. Be3 Be2 39. h3
Kc4 40. g4 hxg4 41. hxg4 Kb3 42. Bd4 Kc4 43. Ke3 Bxg4 44. f4 Bf5 {Normal}
1/2-1/2

[Event "Rated Blitz game"]
[Site "?"]
[Date "2021.03.24"]
[Round "?"]
[White "Jazzyjef"]
[Black "Dzon_Vejn"]
[Result "1-0"]
[WhiteElo "2533"]
[BlackElo "2453"]
[PlyCount "75"]
[EventDate "2021.??.??"]
[EventType "blitz"]

1. e4 e5 2. Nf3 d5 3. Nxe5 Bd6 4. d4 dxe4 5. Nc3 Bxe5 6. dxe5 Qxd1+ 7. Kxd1
Bg4+ 8. Be2 Bxe2+ 9. Kxe2 Nc6 10. Nxe4 Nxe5 11. Bf4 f6 12. Rad1 Rd8 13. Nc5 Ne7
14. Rxd8+ Kxd8 15. Bxe5 fxe5 16. Nxb7+ Kd7 17. Nc5+ Kc6 18. Ne6 Rb8 19. b3 g6
20. c4 Nf5 21. g4 Nd6 22. Rd1 h6 23. Rd5 Nf7 24. h4 Re8 25. Nc5 Nd6 26. f3 h5
27. Nd3 e4 28. Ne5+ Kb7 29. Nxg6 exf3+ 30. Kxf3 hxg4+ 31. Kxg4 Re4+ 32. Nf4 Re1
33. h5 Rg1+ 34. Kh4 Ne4 35. h6 Nf6 36. Rf5 Ne4 37. h7 Rh1+ 38. Nh3 {Normal} 1-0

[Event "Rated Blitz game"]
[Site "?"]
[Date "2021.03.24"]
[Round "?"]
[White "Marcosales"]
[Black "Chess_didou"]
[Result "0-1"]
[WhiteElo "2259"]
[BlackElo "2445"]
[PlyCount "24"]
[EventDate "2021.??.??"]
[EventType "blitz"]

1. e4 e5 2. Nf3 d5 3. exd5 e4 4. Qe2 Nf6 5. Nc3 Be7 6. Nd4 O-O 7. b3 c5 8. Ndb5
a6 9. Na3 b5 10. Nab1 b4 11. Nxe4 Nxe4 12. Qxe4 Bf6 {Normal} 0-1

[Event "Rated Blitz game"]
[Site "?"]
[Date "2021.03.24"]
[Round "?"]
[White "Mesa1"]
[Black "annaly1979"]
[Result "1-0"]
[WhiteElo "2519"]
[BlackElo "2373"]
[PlyCount "49"]
[EventDate "2021.??.??"]
[EventType "blitz"]

1. e4 e5 2. Nf3 d5 3. exd5 e4 4. Qe2 f5 5. d3 Nf6 6. Nc3 Bb4 7. Bd2 Bxc3 8.
Bxc3 O-O 9. dxe4 Nxe4 10. O-O-O Nxc3 11. bxc3 Na6 12. Qe3 Qf6 13. Qd4 Qd6 14.
Bxa6 bxa6 15. c4 Qa3+ 16. Qb2 Qa4 17. Qb3 Qa5 18. Rhe1 Bd7 19. Re7 Rab8 20. Qe3
Be8 21. Ng5 h6 22. Qe6+ Bf7 23. Nxf7 Qa3+ 24. Kd2 Qxe7 25. Nxh6+ {Normal} 1-0

[Event "Rated Rapid game"]
[Site "?"]
[Date "2021.03.24"]
[Round "?"]
[White "oleoko"]
[Black "StefizZagorja"]
[Result "0-1"]
[WhiteElo "2411"]
[BlackElo "2275"]
[PlyCount "73"]
[EventDate "2021.??.??"]
[EventType "rapid"]

1. e4 e5 2. Nf3 d5 3. Nxe5 Bd6 4. d4 dxe4 5. Nc4 f5 6. Nc3 Nf6 7. Bg5 O-O 8.
Nxd6 Qxd6 9. Bc4+ Kh8 10. O-O Nc6 11. Ne2 h6 12. Bf4 Qe7 13. Qd2 g5 14. Bxg5
hxg5 15. Qxg5 Qg7 16. Qf4 Bd7 17. f3 Na5 18. b3 Nxc4 19. bxc4 Rg8 20. Ng3 Qg5
21. fxe4 Qxf4 22. Rxf4 Nxe4 23. Nxf5 Bxf5 24. Rxf5 Nd6 25. Rh5+ Kg7 26. c5 Kg6
27. Rd5 Nf5 28. Rb1 b6 29. cxb6 axb6 30. Rbb5 Nd6 31. Rg5+ Kf7 32. Rxg8 Kxg8
33. Rb2 Ra4 34. c3 Ra3 35. Rc2 Nb5 36. c4 Nxd4 37. c5 {Normal} 0-1

[Event "Rated Blitz tournament yvvgmxcV"]
[Site "?"]
[Date "2021.03.24"]
[Round "?"]
[White "DiegoExequielCornejo"]
[Black "user_silva2002"]
[Result "0-1"]
[WhiteElo "2200"]
[BlackElo "2501"]
[PlyCount "52"]
[EventDate "2021.??.??"]
[EventType "blitz"]

1. e4 e5 2. Nf3 d5 3. Nxe5 dxe4 4. d4 Nc6 5. Nxc6 bxc6 6. Bc4 Bd6 7. O-O Nf6 8.
Nc3 h5 9. Re1 Kf8 10. Nxe4 Nxe4 11. Rxe4 Qf6 12. Qe2 Bg4 13. f3 Bf5 14. c3 h4
15. Bd2 g5 16. Re1 Kg7 17. Bb3 a5 18. Ba4 Rab8 19. Bc1 c5 20. d5 Bxe4 21. fxe4
Qe5 22. h3 Qh2+ 23. Kf1 Bg3 24. Be3 Qh1+ 25. Bg1 Bxe1 26. Qxe1 Rxb2 {Normal}
0-1

[Event "Rated Blitz tournament uXXW9Yxl"]
[Site "?"]
[Date "2021.03.24"]
[Round "?"]
[White "KetiGrant"]
[Black "Grimlock_Glasgow"]
[Result "1/2-1/2"]
[WhiteElo "2325"]
[BlackElo "2554"]
[PlyCount "91"]
[EventDate "2021.??.??"]
[EventType "blitz"]

1. e4 e5 2. Nf3 d5 3. Nxe5 Bd6 4. d4 dxe4 5. Nc4 Nf6 6. Nxd6+ Qxd6 7. Be2 Nc6
8. c3 O-O 9. O-O Ne7 10. Bg5 h6 11. Bxf6 Qxf6 12. Nd2 Bf5 13. Bg4 Rfe8 14. Re1
Ng6 15. Bxf5 Qxf5 16. Nf1 Nf4 17. Ng3 Qg6 18. Qd2 Nd3 19. Re3 f5 20. f3 Nxb2
21. Qxb2 f4 22. Rxe4 fxg3 23. Rg4 Qb6 24. Qb3+ Qxb3 25. axb3 gxh2+ 26. Kxh2 Re3
27. Rc1 a5 28. Re4 Re8 29. Rxe8+ Rxe8 30. Ra1 b6 31. c4 Re3 32. Rb1 Rc3 33. d5
Kf7 34. Kg3 a4 35. bxa4 Rxc4 36. d6 cxd6 37. Rxb6 Rxa4 38. Rxd6 Rb4 39. Ra6 Rc4
40. Kf2 h5 41. Kg3 g6 42. Kf2 Kg7 43. Kg3 Kf7 44. Kf2 Kg7 45. Kg3 Kf7 46. Kf2 {
Normal} 1/2-1/2

[Event "Rated Blitz game"]
[Site "?"]
[Date "2021.03.24"]
[Round "?"]
[White "Shamsutdin"]
[Black "TheMonsterNotTheNM"]
[Result "1-0"]
[WhiteElo "2422"]
[BlackElo "2367"]
[PlyCount "83"]
[EventDate "2021.??.??"]
[EventType "blitz"]

1. e4 e5 2. Nf3 d5 3. exd5 e4 4. Qe2 Nf6 5. d3 Qxd5 6. dxe4 Qxe4 7. Qxe4+ Nxe4
8. Bd3 Nc5 9. Bc4 Be6 10. Bxe6 Nxe6 11. O-O Nc6 12. Nc3 O-O-O 13. Be3 Bc5 14.
Bxc5 Nxc5 15. Rfe1 f6 16. a3 Nd4 17. Nxd4 Rxd4 18. Re7 Rd2 19. Rxg7 Rxc2 20.
Nd5 Rd8 21. Nxc7 Rdd2 22. Rf1 Nd3 23. Nb5 Rxb2 24. Nd6+ Kb8 25. Nc4 Rxf2 26.
Nxb2 Rxb2 27. Rxh7 a5 28. h4 b5 29. h5 b4 30. axb4 a4 31. h6 a3 32. Rh8+ Kb7
33. h7 a2 34. Rb8+ Kxb8 35. h8=Q+ Kb7 36. Qg7+ Kb8 37. Qf8+ Kc7 38. Qe7+ Kc6
39. Rxf6+ Kb5 40. Qd7+ Kc4 41. Rc6+ Kxb4 42. Qb7+ {Normal} 1-0

[Event "Rated Blitz game"]
[Site "?"]
[Date "2021.03.24"]
[Round "?"]
[White "strvhztklnlqzrthkrtn"]
[Black "Dzon_Vejn"]
[Result "1-0"]
[WhiteElo "2573"]
[BlackElo "2463"]
[PlyCount "81"]
[EventDate "2021.??.??"]
[EventType "blitz"]

1. e4 e5 2. Nf3 d5 3. exd5 e4 4. Qe2 Nf6 5. Nc3 Be7 6. Nxe4 O-O 7. Nxf6+ Bxf6
8. Qd1 Re8+ 9. Be2 Qxd5 10. O-O c5 11. d3 Nc6 12. c3 Bf5 13. Be3 Rad8 14. Qb3
Qxb3 15. axb3 Bxd3 16. Bxd3 Rxd3 17. Bxc5 Re2 18. Bxa7 Rxb2 19. Bd4 h6 20. Bxf6
gxf6 21. Rfb1 Rxb1+ 22. Rxb1 Rxc3 23. Kf1 Rc2 24. Ne1 Rc3 25. Ke2 Nd4+ 26. Kd2
Rxb3 27. Rc1 Rb2+ 28. Ke3 Ne6 29. g3 Rb3+ 30. Ke2 Kg7 31. Ng2 Nd4+ 32. Kf1 Nf3
33. h4 Rb2 34. Ne3 Nh2+ 35. Kg2 Kg6 36. Rc5 h5 37. Kxh2 Rxf2+ 38. Kg1 Rf3 39.
Nf1 Rf5 40. Rc7 Rc5 41. Rxc5 {Time forfeit} 1-0

[Event "Rated Blitz game"]
[Site "?"]
[Date "2021.03.24"]
[Round "?"]
[White "ClubPhilidorMoron"]
[Black "annaly1979"]
[Result "0-1"]
[WhiteElo "2410"]
[BlackElo "2351"]
[PlyCount "40"]
[EventDate "2021.??.??"]
[EventType "blitz"]

1. e4 e5 2. Nf3 d5 3. Nxe5 Qe7 4. d4 f6 5. Qh5+ g6 6. Nxg6 Qxe4+ 7. Be3 Qxg6 8.
Qxd5 Ne7 9. Qb3 Nbc6 10. Nc3 Bf5 11. O-O-O O-O-O 12. d5 Na5 13. Qb5 b6 14. Qa6+
Kb8 15. Nb5 Nc8 16. Bf4 Bh6 17. Bxh6 Qxh6+ 18. Kb1 Qg6 19. Bd3 Rxd5 20. Bxf5
Qxf5 {Normal} 0-1

[Event "Rated Blitz game"]
[Site "?"]
[Date "2021.03.24"]
[Round "?"]
[White "adamak123"]
[Black "Dzon_Vejn"]
[Result "1/2-1/2"]
[WhiteElo "2438"]
[BlackElo "2528"]
[PlyCount "86"]
[EventDate "2021.??.??"]
[EventType "blitz"]

1. e4 e5 2. Nf3 d5 3. Nxe5 Bd6 4. d4 dxe4 5. Nc4 Be7 6. Be2 Nf6 7. O-O O-O 8.
Nc3 Bf5 9. Ne3 Bg6 10. Ng4 Nxg4 11. Bxg4 f5 12. Bh5 Bxh5 13. Qxh5 g6 14. Qd1
Bf6 15. Be3 Nc6 16. Ne2 b5 17. c3 Kg7 18. Qd2 Re8 19. Rad1 Qd7 20. Bh6+ Kg8 21.
Bg5 Bg7 22. Qf4 Ne7 23. Qh4 Nd5 24. Nf4 c6 25. Nxd5 cxd5 26. Bf6 a5 27. Bxg7
Kxg7 28. a3 Rec8 29. Qf4 Qc7 30. Qd2 Rab8 31. f3 Re8 32. fxe4 Rxe4 33. Rde1
Rbe8 34. Rxe4 Rxe4 35. Re1 Qe7 36. Rxe4 Qxe4 37. Kf2 f4 38. Qe2 g5 39. Qxb5
Qe3+ 40. Kf1 Qc1+ 41. Kf2 Qe3+ 42. Kf1 Qc1+ 43. Kf2 Qe3+ {Normal} 1/2-1/2

[Event "Rated Blitz game"]
[Site "?"]
[Date "2021.03.24"]
[Round "?"]
[White "Jiggy_Miguel_Vicente"]
[Black "Dzon_Vejn"]
[Result "1-0"]
[WhiteElo "2489"]
[BlackElo "2503"]
[PlyCount "73"]
[EventDate "2021.??.??"]
[EventType "blitz"]

1. e4 e5 2. Nf3 d5 3. exd5 e4 4. Nd4 Qxd5 5. Nb3 Qe5 6. Nc3 Nc6 7. Bc4 a6 8.
O-O Bd6 9. g3 Nf6 10. Re1 Bg4 11. Be2 h5 12. d3 O-O-O 13. Bf4 Qe6 14. Bg5 Bb4
15. Bxf6 gxf6 16. Bxg4 hxg4 17. Rxe4 Qd6 18. Qxg4+ Kb8 19. Rae1 Rdg8 20. Qf4
Qd7 21. Nd2 Qh3 22. Nf1 Bd6 23. Qxf6 Rh6 24. Re8+ Rxe8 25. Rxe8+ Ka7 26. Qxf7
Ne5 27. Qd5 Ng4 28. Qg2 Qh5 29. Re4 Nf6 30. Rh4 Qg6 31. Rxh6 Qxh6 32. Ne4 Ng4
33. Qf3 Ne5 34. Qe3+ Qxe3 35. fxe3 Be7 36. d4 Nf3+ 37. Kf2 {Normal} 1-0

[Event "Rated Blitz game"]
[Site "?"]
[Date "2021.03.24"]
[Round "?"]
[White "YuaDewhirst"]
[Black "annaly1979"]
[Result "1-0"]
[WhiteElo "2443"]
[BlackElo "2372"]
[PlyCount "101"]
[EventDate "2021.??.??"]
[EventType "blitz"]

1. e4 e5 2. Nf3 d5 3. Nxe5 Qe7 4. d4 f6 5. Nf3 dxe4 6. Nfd2 f5 7. Be2 Nf6 8.
O-O Nc6 9. Nb3 Qf7 10. c4 Bd7 11. Nc3 a6 12. d5 Ne5 13. Bf4 Ng6 14. Bg5 b6 15.
Nd4 Bd6 16. a3 O-O 17. f3 exf3 18. Bxf3 Rae8 19. Qd2 a5 20. Rae1 Bc5 21. Kh1 h6
22. Be3 f4 23. Bxf4 Nxf4 24. Qxf4 Qg6 25. Qd2 Bg4 26. Ne6 Bxe6 27. dxe6 Bd6 28.
Nd5 Nh5 29. Qe2 Ng3+ 30. hxg3 Qxg3 31. Kg1 Bc5+ 32. Ne3 Rf6 33. Qf2 Qg5 34. Qe2
Kh8 35. Bd5 Rfxe6 36. Bxe6 Rxe6 37. Rf3 a4 38. Qd3 Rg6 39. Re2 Qh4 40. Qxg6
Qxc4 41. Qc2 Qh4 42. Rh3 Qg5 43. Rf3 h5 44. Qf5 Bxe3+ 45. Rexe3 Qh6 46. Qc8+
Kh7 47. Qf5+ g6 48. Re7+ Kg8 49. Qf7+ Kh8 50. Qf8+ Qxf8 51. Rxf8# {Normal} 1-0

[Event "Rated Blitz game"]
[Site "?"]
[Date "2021.03.24"]
[Round "?"]
[White "Xakespia"]
[Black "Dzon_Vejn"]
[Result "0-1"]
[WhiteElo "2371"]
[BlackElo "2490"]
[PlyCount "44"]
[EventDate "2021.??.??"]
[EventType "blitz"]

1. e4 e5 2. Nf3 d5 3. exd5 e4 4. Qe2 Nf6 5. d3 Qxd5 6. Nc3 Bb4 7. Bd2 Bxc3 8.
Bxc3 Nbd7 9. Bxf6 Nxf6 10. O-O-O Qxa2 11. dxe4 Qa1+ 12. Kd2 Qxb2 13. e5 Nd5 14.
Qc4 Be6 15. Qb5+ Qxb5 16. Bxb5+ c6 17. Ba4 Bg4 18. c4 Bxf3 19. gxf3 Nf4 20. Rb1
O-O-O+ 21. Ke3 Ne6 22. Bxc6 bxc6 {Normal} 0-1

[Event "Rated Blitz game"]
[Site "?"]
[Date "2021.03.24"]
[Round "?"]
[White "RyuGabby"]
[Black "Mettigel"]
[Result "1-0"]
[WhiteElo "2342"]
[BlackElo "2413"]
[PlyCount "69"]
[EventDate "2021.??.??"]
[EventType "blitz"]

1. e4 e5 2. Nf3 d5 3. exd5 e4 4. Qe2 Nf6 5. d3 Qxd5 6. Nbd2 Bb4 7. c3 Be7 8.
Nxe4 O-O 9. g3 Bf5 10. Bg2 Nxe4 11. dxe4 Qxe4 12. Be3 Qd3 13. Nd4 Qxe2+ 14.
Nxe2 Bc8 15. O-O-O Nd7 16. Nd4 c6 17. Nf5 Bf6 18. Nd6 Ne5 19. Nxc8 Raxc8 20. h3
Nc4 21. Bd4 Bxd4 22. Rxd4 Ne5 23. Kc2 Rfd8 24. Rhd1 Rxd4 25. Rxd4 Kf8 26. f4
Ng6 27. Rd7 Rb8 28. h4 Ke8 29. Bh3 Nf8 30. Rc7 g6 31. Kd3 h5 32. Ke4 f5+ 33.
Ke5 a5 34. Kf6 a4 35. Bg2 {Normal} 1-0

[Event "Rated Blitz game"]
[Site "?"]
[Date "2021.03.24"]
[Round "?"]
[White "Elgranconejo"]
[Black "vitvolian_083"]
[Result "1/2-1/2"]
[WhiteElo "2491"]
[BlackElo "2384"]
[PlyCount "117"]
[EventDate "2021.??.??"]
[EventType "blitz"]

1. e4 e5 2. Nf3 d5 3. exd5 e4 4. Nd4 Nf6 5. Nc3 c6 6. d6 Bxd6 7. Nb3 O-O 8. Be2
Nbd7 9. O-O Nc5 10. Nxc5 Bxc5 11. d3 Bf5 12. dxe4 Nxe4 13. Nxe4 Bxe4 14. c3 Qf6
15. Be3 Rad8 16. Bd4 Bxd4 17. cxd4 Rxd4 18. Qb3 Qg5 19. Qg3 Qxg3 20. hxg3 Rd2
21. Rfe1 f5 22. b3 g6 23. a4 a5 24. Bc4+ Kg7 25. Rad1 Rfd8 26. Rxd2 Rxd2 27. f3
Bd5 28. Bxd5 cxd5 29. Re7+ Kf6 30. Rxb7 d4 31. Rxh7 Ke5 32. Ra7 d3 33. Rxa5+
Kd4 34. Ra6 Rb2 35. Rxg6 d2 36. Kh2 Ke5 37. f4+ Ke4 38. Rd6 Ke3 39. Re6+ Kf2
40. Rd6 Ke1 41. Re6+ Kd1 42. g4 Kc1 43. Rc6+ Rc2 44. Rd6 fxg4 45. Kg3 d1=Q 46.
Rxd1+ Kxd1 47. Kxg4 Rxg2+ 48. Kf5 Rb2 49. Kg6 Rxb3 50. f5 Ke2 51. f6 Rg3+ 52.
Kh7 Rh3+ 53. Kg7 Rg3+ 54. Kh7 Kd3 55. f7 Rf3 56. Kg7 Rg3+ 57. Kh7 Rf3 58. Kg7
Rg3+ 59. Kh7 {Normal} 1/2-1/2

[Event "Rated Blitz game"]
[Site "?"]
[Date "2021.03.24"]
[Round "?"]
[White "fast-tsunami"]
[Black "Fantastic_power06"]
[Result "0-1"]
[WhiteElo "2478"]
[BlackElo "2638"]
[PlyCount "90"]
[EventDate "2021.??.??"]
[EventType "blitz"]

1. e4 e5 2. Nf3 d5 3. Nxe5 Bd6 4. d4 dxe4 5. f4 exf3 6. Nxf3 Nf6 7. Bc4 Qe7+ 8.
Qe2 Qxe2+ 9. Kxe2 O-O 10. Re1 Bf5 11. c3 Nc6 12. Kf1 Rae8 13. Rxe8 Rxe8 14. Bg5
Ne4 15. Nbd2 h6 16. Nxe4 Rxe4 17. Bd2 Re8 18. Re1 Kf8 19. Rxe8+ Kxe8 20. h3 Be4
21. Kf2 Ne7 22. Be3 c6 23. Nd2 Bd5 24. Bxd5 cxd5 25. c4 dxc4 26. Nxc4 Kd7 27.
Kf3 b6 28. Ke4 Ke6 29. Nxd6 Kxd6 30. Bf4+ Ke6 31. b4 f5+ 32. Kd3 Nd5 33. Be5
Nxb4+ 34. Kc4 Nxa2 35. Bxg7 h5 36. Bh6 a5 37. Kb3 Nb4 38. Bf8 Nd5 39. Kc4 Nf4
40. Kb5 Nxg2 41. Kxb6 a4 42. Ka5 Nf4 43. Kxa4 Nxh3 44. Kb5 Kd5 45. Bh6 f4 {
Normal} 0-1

[Event "Rated Blitz game"]
[Site "?"]
[Date "2021.03.24"]
[Round "?"]
[White "MN_Supariyono"]
[Black "TheMonsterNotTheNM"]
[Result "1-0"]
[WhiteElo "2416"]
[BlackElo "2376"]
[PlyCount "99"]
[EventDate "2021.??.??"]
[EventType "blitz"]

1. e4 e5 2. Nf3 d5 3. exd5 e4 4. Qe2 Nf6 5. Nc3 Be7 6. Nxe4 O-O 7. Nxf6+ Bxf6
8. d4 Qxd5 9. Be3 Nc6 10. c4 Qa5+ 11. Qd2 Nb4 12. Kd1 c5 13. d5 Qa4+ 14. b3 Qa3
15. Bxc5 a5 16. Bxf8 Kxf8 17. Rc1 Nxa2 18. Bd3 Nxc1 19. Qxc1 Qxb3+ 20. Qc2 Qb4
21. Ke2 Bg4 22. Rb1 Qd6 23. h3 Re8+ 24. Kf1 Bxf3 25. gxf3 Qh2 26. Be4 a4 27.
Rxb7 a3 28. Ra7 Bb2 29. c5 f5 30. c6 fxe4 31. Qc5+ Kg8 32. f4 e3 33. fxe3 Qh1+
34. Ke2 Qg2+ 35. Kd3 Qf1+ 36. Kc2 Qe2+ 37. Kb1 Qd1+ 38. Ka2 Bc1 39. c7 Qd2+ 40.
Kb3 Qd1+ 41. Kc4 Re4+ 42. Kb5 Qb3+ 43. Kc6 Re8 44. Kd7 Qxe3 45. Qxe3 Rxe3 46.
c8=Q+ Kf7 47. Kd6+ Kf6 48. Qf8+ Kg6 49. f5+ Kh5 50. Qxg7 {Time forfeit} 1-0

[Event "Rated Blitz game"]
[Site "?"]
[Date "2021.03.24"]
[Round "?"]
[White "HBsen"]
[Black "magos33"]
[Result "1/2-1/2"]
[WhiteElo "2401"]
[BlackElo "2333"]
[PlyCount "105"]
[EventDate "2021.??.??"]
[EventType "blitz"]

1. e4 e5 2. Nf3 d5 3. Nxe5 Bd6 4. d4 dxe4 5. Nc3 Bxe5 6. dxe5 Qxd1+ 7. Kxd1 Bf5
8. Bb5+ c6 9. Bc4 Nd7 10. Bf4 Ne7 11. Ke2 Ng6 12. Ke3 O-O-O 13. Nxe4 Bxe4 14.
Kxe4 f5+ 15. Ke3 Ndxe5 16. Bxe5 Nxe5 17. Be6+ Kc7 18. Rad1 Rhe8 19. Rxd8 Kxd8
20. Rd1+ Kc7 21. Bb3 Re7 22. Kf4 g6 23. Kg5 Nd7 24. Rd3 Re2 25. Re3 Rxf2 26.
Re7 Rxg2+ 27. Kf4 Kd8 28. Rxh7 Nf6 29. Rxb7 Rxh2 30. Kg5 Ne4+ 31. Kxg6 f4 32.
Rf7 Rh4 33. Kf5 Nd2 34. Ke5 f3 35. Kd6 Rh6+ 36. Be6 Ne4+ 37. Ke5 Rxe6+ 38. Kf4
Nd2 39. Kg3 Re2 40. a4 a5 41. c3 Rg2+ 42. Kh3 Rg1 43. b4 axb4 44. cxb4 Rg5 45.
b5 cxb5 46. axb5 Rxb5 47. Rf4 Rg5 48. Rd4+ Ke7 49. Rxd2 Ke6 50. Rf2 Rf5 51. Kg3
Ke5 52. Rxf3 Rxf3+ 53. Kxf3 {Normal} 1/2-1/2

[Event "Rated Blitz game"]
[Site "?"]
[Date "2021.03.24"]
[Round "?"]
[White "Sultai"]
[Black "dr_xStranger"]
[Result "0-1"]
[WhiteElo "2319"]
[BlackElo "2538"]
[PlyCount "102"]
[EventDate "2021.??.??"]
[EventType "blitz"]

1. e4 e5 2. Nf3 d5 3. exd5 e4 4. Ne5 Qxd5 5. d4 exd3 6. Nxd3 Nf6 7. Nc3 Qd8 8.
Be2 Bd6 9. O-O h6 10. Be3 O-O 11. Bf3 Nc6 12. Ne4 Nxe4 13. Bxe4 Re8 14. Bxc6
bxc6 15. Qf3 Rb8 16. Rad1 Qh4 17. g3 Qh3 18. Qg2 Qxg2+ 19. Kxg2 Bf5 20. b3 a5
21. a4 Be4+ 22. f3 Bg6 23. Rfe1 Re6 24. c4 Rxb3 25. c5 Rxd3 26. Rxd3 Bxd3 27.
cxd6 cxd6 28. Bd2 Rxe1 29. Bxe1 Bc2 30. Bxa5 Bxa4 31. Bc7 d5 32. Kf2 Kh7 33.
Be5 f6 34. Bd4 Kg6 35. Ke3 Kf5 36. g4+ Ke6 37. f4 Bd1 38. h3 g6 39. Bc5 f5 40.
gxf5+ Kxf5 41. Bd6 Bc2 42. Kd4 Be4 43. Kc5 Bg2 44. h4 Kg4 45. Bf8 h5 46. Bh6
Kxh4 47. Bg5+ Kg3 48. Kxc6 h4 49. Bxh4+ Kxh4 50. Kc5 Kg4 51. Kd4 Kxf4 {Normal}
0-1

[Event "Rated Blitz game"]
[Site "?"]
[Date "2021.03.24"]
[Round "?"]
[White "CACHS"]
[Black "Dzon_Vejn"]
[Result "0-1"]
[WhiteElo "2488"]
[BlackElo "2518"]
[PlyCount "24"]
[EventDate "2021.??.??"]
[EventType "blitz"]

1. e4 e5 2. Nf3 d5 3. exd5 e4 4. Qe2 Nf6 5. Nc3 Be7 6. Nxe4 O-O 7. d3 Nxd5 8.
Be3 Re8 9. O-O-O f5 10. Nc3 Nxc3 11. bxc3 Ba3+ 12. Kb1 f4 {Normal} 0-1

[Event "Rated Blitz game"]
[Site "?"]
[Date "2021.03.24"]
[Round "?"]
[White "MisterMarple63"]
[Black "JoTaNGzKi"]
[Result "1-0"]
[WhiteElo "2443"]
[BlackElo "2347"]
[PlyCount "45"]
[EventDate "2021.??.??"]
[EventType "blitz"]

1. e4 e5 2. Nf3 d5 3. d4 dxe4 4. Nxe5 Bd6 5. Nc4 Nc6 6. Nxd6+ Qxd6 7. c3 Nf6 8.
Be2 Bf5 9. O-O O-O-O 10. Nd2 h6 11. Nc4 Qe7 12. b4 Nd5 13. Qb3 Qh4 14. b5 Nce7
15. a4 g5 16. a5 Nf4 17. Bxf4 gxf4 18. b6 cxb6 19. axb6 a6 20. Rxa6 bxa6 21.
Ne5 Kb7 22. Qc4 Rc8 23. Qxa6+ {Normal} 1-0

[Event "Rated Blitz game"]
[Site "?"]
[Date "2021.03.24"]
[Round "?"]
[White "FastBananna"]
[Black "Dzon_Vejn"]
[Result "1-0"]
[WhiteElo "2404"]
[BlackElo "2465"]
[PlyCount "105"]
[EventDate "2021.??.??"]
[EventType "blitz"]

1. e4 e5 2. Nf3 d5 3. Bb5+ c6 4. Ba4 dxe4 5. Nxe5 Qd4 6. Nxf7 Kxf7 7. Bb3+ Be6
8. Bxe6+ Kxe6 9. O-O Nf6 10. Re1 Bc5 11. Qe2 Re8 12. c3 Qd5 13. d4 Bd6 14. Nd2
Kf7 15. Nf1 Nbd7 16. h3 Qh5 17. Qc2 Kf8 18. Be3 Nd5 19. c4 Nxe3 20. Nxe3 Nf6
21. Qb3 b6 22. Qc2 c5 23. d5 Qe5 24. g3 Kg8 25. Re2 Rf8 26. Rae1 Rae8 27. Ng2
Qh5 28. h4 h6 29. b3 Be5 30. Qd2 Bd4 31. Nf4 Qg4 32. Kh2 Be5 33. Ng2 Bd6 34.
Qe3 Re5 35. Qf4 Qd7 36. Qe3 Rf5 37. Qc3 Ng4+ 38. Kg1 Nxf2 39. Ne3 Rf3 40. Rf1
Nh3+ 41. Kg2 Rxf1 42. Nxf1 Nf4+ 43. gxf4 Qg4+ 44. Ng3 Bxf4 45. Rxe4 Qxg3+ 46.
Qxg3 Bxg3 47. Kxg3 Kf7 48. Rf4+ Ke7 49. Rxf8 Kxf8 50. h5 g6 51. hxg6 Kg7 52. d6
Kxg6 53. d7 {Time forfeit} 1-0

[Event "Rated Blitz tournament 3ZguL8OM"]
[Site "?"]
[Date "2021.03.24"]
[Round "?"]
[White "Falepaco"]
[Black "Killerrhino"]
[Result "1-0"]
[WhiteElo "2581"]
[BlackElo "2351"]
[PlyCount "119"]
[EventDate "2021.??.??"]
[EventType "blitz"]

1. e4 e5 2. Nf3 d5 3. exd5 e4 4. Qe2 Nf6 5. Nc3 Bf5 6. Nd4 Bg6 7. Qb5+ Nbd7 8.
Qxb7 Bc5 9. Nc6 Qc8 10. Qxc8+ Rxc8 11. Ba6 O-O 12. Bxc8 Rxc8 13. O-O Kf8 14.
Kh1 a6 15. h3 h5 16. a3 Nb6 17. Nb4 a5 18. Nc6 Ra8 19. Ne5 Nbxd5 20. Nxd5 Nxd5
21. Nxg6+ fxg6 22. Re1 Nf6 23. f3 Re8 24. c3 Kf7 25. Kh2 Bd6+ 26. Kg1 Bc5+ 27.
Kf1 h4 28. fxe4 Nxe4 29. d4 Ng3+ 30. Kf2 Be7 31. Bf4 Bd6 32. Bxd6 cxd6 33. Rxe8
Kxe8 34. Re1+ Kd7 35. Kf3 Nf5 36. Kf4 Kc6 37. Kg5 Kd5 38. Kxg6 Ng3 39. Kxg7 Kc4
40. Re6 d5 41. Rb6 Nf5+ 42. Kf6 Ne3 43. Kg5 Nxg2 44. Kg4 Kd3 45. a4 Kc4 46. Re6
Kd3 47. Kf3 Kc2 48. Re2+ Kb3 49. Rxg2 Kxa4 50. Kg4 Kb3 51. Kxh4 a4 52. Kg3 a3
53. bxa3 Kxc3 54. h4 Kxd4 55. h5 Ke3 56. h6 d4 57. h7 d3 58. h8=Q d2 59. Qh6+
Ke4 60. Qxd2 {Normal} 1-0

[Event "Rated Blitz game"]
[Site "?"]
[Date "2021.03.24"]
[Round "?"]
[White "WehenNiYourName"]
[Black "Lasker-on-speed"]
[Result "1-0"]
[WhiteElo "2521"]
[BlackElo "2311"]
[PlyCount "47"]
[EventDate "2021.??.??"]
[EventType "blitz"]

1. e4 e5 2. Nf3 d5 3. Nxe5 Bd6 4. d4 dxe4 5. Bc4 Bxe5 6. Qh5 Qe7 7. Qxe5 Qxe5
8. dxe5 Nc6 9. Nc3 Nxe5 10. Nd5 Kd8 11. Bb3 Ng6 12. Bg5+ f6 13. Be3 c6 14. Nc3
f5 15. O-O-O+ Kc7 16. h4 h5 17. f3 Nf6 18. Bf7 f4 19. Bc5 Rh6 20. Bd6+ Kb6 21.
Na4+ Ka5 22. Nc5 e3 23. Bc7+ b6 24. c3 {Normal} 1-0

[Event "Rated Blitz game"]
[Site "?"]
[Date "2021.03.24"]
[Round "?"]
[White "gsoppe"]
[Black "dr_xStranger"]
[Result "0-1"]
[WhiteElo "2416"]
[BlackElo "2527"]
[PlyCount "20"]
[EventDate "2021.??.??"]
[EventType "blitz"]

1. e4 e5 2. Nf3 d5 3. exd5 e4 4. Qe2 Nf6 5. Nc3 Be7 6. Nxe4 O-O 7. d3 Nxd5 8.
Be3 Re8 9. O-O-O f5 10. c4 Nxe3 {Time forfeit} 0-1

[Event "Titled Tuesday 23rd Mar"]
[Site "chess.com INT"]
[Date "2021.03.23"]
[Round "10"]
[White "Csonka, B."]
[Black "Gadimbayli, Abdulla"]
[Result "1-0"]
[WhiteElo "2498"]
[BlackElo "2470"]
[PlyCount "71"]
[EventDate "2021.03.23"]
[SourceTitle "The Week in Chess 1377"]
[Source "Mark Crowther"]
[SourceDate "2021.03.29"]
[SourceVersion "1"]
[SourceVersionDate "2021.03.29"]
[SourceQuality "2"]

1. e4 e5 2. Nf3 d5 3. exd5 e4 4. Qe2 Nf6 5. Nc3 Be7 6. Nxe4 O-O 7. Nxf6+ Bxf6
8. Qd1 Qxd5 9. Be2 Nc6 10. O-O Bf5 11. c3 Rfe8 12. d4 Rad8 13. Be3 Be4 14. Re1
h6 15. Bf4 Re7 16. Bd3 Bxd3 17. Rxe7 Nxe7 18. Qxd3 c6 19. Qc2 Ng6 20. Be3 Ne7
21. Qb3 Qd7 22. Re1 Nd5 23. Bd2 b5 24. a4 Nb6 25. axb5 cxb5 26. Bf4 Nc4 27. Qc2
a5 28. b3 Nb6 29. Be5 Bxe5 30. Nxe5 Qc7 31. Qd3 a4 32. bxa4 bxa4 33. h4 a3 34.
Qf3 a2 35. Ra1 Qa7 36. Nc6 1-0